Narysowane w Paintcie flagi przez randoma z internetu - Statystyki

Ogólne statystyki
  • Ten quiz został rozwiązany 28 razy
  • Średni wynik to 34 z 40
Statystyki odpowiedzi
Obrazkowy Hint Odpowiedź % Poprawnych
znajduje się na bliskim wschodzie arabia saudyjska
95%
zaczyna się na g, a kończy na a gambia
95%
polak to wie :) polska
95%
putin rosja
95%
zaczyna się na s, a kończy na l senegal
95%
polak ###### dwa bratanki węgry
95%
państwo z największą inflacją wenezuela
95%
największy kolonialista wielka brytania
95%
jest bardzo zaludnione bangladesz
90%
kiedyś mjanma birma
90%
w tym państwei znajduje się środek chorwacji bośnia i hercegowina
90%
zrzucono na to państwo 2 bomby atomowe japonia
90%
z tego państwa pochodzi drakula rumunia
90%
wujek który rozpętał II wojnę światową austria
85%
znajduje sie pomiędzy chinami a indiami bhutan
85%
to nie dominikana dominika
85%
w tym państwie znajduje się środek europy estonia
85%
afrykańskie państwo którę w większości graniczy z rpa eswatini
85%
leży w środkowej ameryce honduras
85%
na środku flagi ma świątynie ze stolicy kambodża
85%
mówi się że kartele na##otykowe pochodzą stąd kolumbia
85%
kim jong un korea północna
85%
kiedyś tworzyła unię z polską litwa
85%
Piraci z XXI wieku pochodzą z tego kraju somalia
85%
IKEA szwecja
85%
wyspa zaczynająca się na B barbados
80%
jest bardzo długim krajem chile
80%
wyspa którą kiedyś zaatakowała turcja cypr
80%
to nie jest rumunia czad
80%
nazwa podobna do imienia dominika dominikana
80%
simon mol był z tego państwa kamerun
80%
ma 5 liter i zaczyna się na k kenia
80%
najbardziel zaludnione państwo afryki nigeria
80%
trump chce przejąć ten kanał panama
80%
zaczyna się na s seszele
80%
katolickie państwo, nazwa jest zbudowana z dwóch słów timor wschodni
80%
rząd chciał zbombardować szwajcarię libia
75%
wyspy znajdujące się na południe od indii malediwy
75%
rymuje się z bali mali
75%
rymuje sie z w nazwie są 2 litery o togo
75%
Nie znaleziono quizów pasujących do podanych kryteriów
Rozkład punktacji
Procent ludzi z każdym wynikiem
Percentyl według liczby udzielonych odpowiedzi
Twoja historia wyników
Nie rozwiązałeś tego quizu